00214nam a2200097Ia 4500008004100000100000900041245003500050260000900085942000700094999001500101190216s9999||||xx |||||||||||||| ||und|| aNull 0aNot In The Stock Register 5048 bNull cBK c3881d3881